Referee of a dirty ugly game : (Record no. 11)

MARC details
000 -LEADER
fixed length control field 00931cam a22002775i 4500
001 - CONTROL NUMBER
control field 23045838
003 - CONTROL NUMBER IDENTIFIER
control field OSt
005 - DATE AND TIME OF LATEST TRANSACTION
control field 20230516113727.0
008 - FIXED-LENGTH DATA ELEMENTS--GENERAL INFORMATION
fixed length control field 230403s2023 ke a 000 0 eng
010 ## - LIBRARY OF CONGRESS CONTROL NUMBER
LC control number 2023320287
020 ## - INTERNATIONAL STANDARD BOOK NUMBER
International Standard Book Number 9789914748215
020 ## - INTERNATIONAL STANDARD BOOK NUMBER
International Standard Book Number 9789914493382
Qualifying information Hardback
040 ## - CATALOGING SOURCE
Original cataloging agency DLC
Language of cataloging eng
Description conventions rda
Transcribing agency DLC
042 ## - AUTHENTICATION CODE
Authentication code lcode
-- pcc
082 ## - DEWEY DECIMAL CLASSIFICATION NUMBER
Classification number 012
Item number HAN
100 1# - MAIN ENTRY--PERSONAL NAME
Personal name Hassan, Ahmed Issack.
245 10 - TITLE STATEMENT
Title Referee of a dirty ugly game :
Remainder of title in the theatre of Kenya's elections - an insider's account /
Statement of responsibility, etc. Ahmed Issack Hassan ; foreword by Dr. Anil Seal, introduction by William Sweeney.
264 #1 - PRODUCTION, PUBLICATION, DISTRIBUTION, MANUFACTURE, AND COPYRIGHT NOTICE
Place of production, publication, distribution, manufacture Nairobi :
Name of producer, publisher, distributor, manufacturer Big Books Limited,
Date of production, publication, distribution, manufacture, or copyright notice [2023]
300 ## - PHYSICAL DESCRIPTION
Extent xix, 559 pages :
Other physical details color illustrations ;
Dimensions 25 cm
336 ## - CONTENT TYPE
Content type term text
Content type code txt
Source rdacontent
337 ## - MEDIA TYPE
Media type term unmediated
Media type code n
Source rdamedia
338 ## - CARRIER TYPE
Carrier type term volume
Carrier type code nc
Source rdacarrier
906 ## - LOCAL DATA ELEMENT F, LDF (RLIN)
a 0
b ibc
c origode
d 2
e ncip
f 20
g y-gencatlg
942 ## - ADDED ENTRY ELEMENTS (KOHA)
Source of classification or shelving scheme Dewey Decimal Classification
Koha item type Books
Holdings
Withdrawn status Lost status Source of classification or shelving scheme Damaged status Not for loan Home library Current library Date acquired Cost, normal purchase price Total Checkouts Full call number Barcode Date last seen Price effective from Koha item type Date last checked out
    Dewey Decimal Classification     Bunge Tower Library Bunge Tower Library 04/12/2023 2500.00   012 HAN 20230001 08/07/2023 05/16/2023 Books  
    Dewey Decimal Classification     Bunge Tower Library Bunge Tower Library 04/12/2023 2500.00   012 HAN 20230002 05/16/2023 05/16/2023 Books  
    Dewey Decimal Classification     Bunge Tower Library Bunge Tower Library 04/12/2023 2500.00   012 HAN 20230003 05/16/2023 05/16/2023 Books  
    Dewey Decimal Classification     Bunge Tower Library Bunge Tower Library 04/12/2023 2500.00 1 012 HAN 20230004 08/27/2024 05/16/2023 Books 08/19/2024
    Dewey Decimal Classification     Bunge Tower Library Bunge Tower Library 05/16/2023 3000.00   012 HAN 20230009 05/16/2023 05/16/2023 Books  
LIBRARY OPENING HOURS

When the Parliament is sitting: 8.00a.m - 7.00p.m or until the house adjourns
Mondays and Fridays and when the House is on Recess:  8.00a.m - 5.00p.m
Closed on Weekends and Public Holidays

Online Public Access Catalog (OPAC)
Website: http://www.parliament.go.ke
Bunge Library: https://libraryir.parliament.go.ke
Contact: library@parliament.go.ke | Tel no: (254-2)2221291 or 2848000 Ext 5043